i'd rather be me lyrics - Statistics

General Stats
  • This quiz has been taken 10 times
  • The average score is 351 of 401
Answer Stats
Answer % Correct
a
100%
about
100%
advice,
100%
all
100%
alone
100%
always
100%
And
100%
and
100%
bad,
100%
bad.
100%
be
100%
best
100%
care!"
100%
care.
100%
'cause
100%
'Cause
100%
do.
100%
do,
100%
does.
100%
don't
100%
eat
100%
end.
100%
feels
100%
finger.
100%
finger
100%
friend
100%
from
100%
have
100%
Here's
100%
here's
100%
high,
100%
How
100%
"how
100%
I
100%
I'd
100%
(I'd
100%
in
100%
is
100%
it
100%
It
100%
just
100%
Just
100%
like
100%
make
100%
me.
100%
me,
100%
me
100%
me)
100%
me,)
100%
me),
100%
moment
100%
my
100%
nice
100%
nice,
100%
"No!"
100%
(no!)
100%
not
100%
on,
100%
our
100%
rather
100%
right
100%
say
100%
she
100%
slap
100%
So
100%
so
100%
some
100%
someone
100%
than
100%
the
100%
then
100%
they
100%
Twice.
100%
we
100%
what
100%
"Whatever
100%
when
100%
who
100%
will
100%
with
100%
works
100%
world
100%
you
100%
"You
100%
you.
100%
you,
100%
you!
100%
your
100%
you're
100%
act
80%
because
80%
behave."
80%
Boys
80%
brave.
80%
break
80%
doesn't
80%
down
80%
fake
80%
fight,
80%
fight
80%
game,
80%
get
80%
girls
80%
happened
80%
has
80%
if
80%
I'll
80%
innocent.
80%
insulting
80%
IQ.
80%
it's
80%
It's
80%
join
80%
knots
80%
lies.
80%
mad."
80%
makes
80%
playing
80%
raise
80%
secret
80%
share.
80%
should
80%
shy
80%
swear.
80%
that
80%
that's
80%
this
80%
to
80%
treat
80%
underhand
80%
understand.
80%
Well,
80%
what's
80%
What's
80%
won't
80%
acted
60%
apologize.
60%
being
60%
'em
60%
even.
60%
everybody
60%
fair?
60%
for
60%
(Janis!
60%
Janis!
60%
Janis!)
60%
"knock
60%
ladies,
60%
Let's
60%
meant
60%
names.
60%
need
60%
new.
60%
new
60%
of
60%
opinions,
60%
opinions
60%
out,
60%
over,
60%
plenty
60%
really
60%
rules
60%
screwed
60%
solemnly
60%
sometimes
60%
strategy.
60%
tell
60%
their
60%
them
60%
these
60%
those
60%
true.
60%
true
60%
turns
60%
twist
60%
up,
60%
way
60%
Where
60%
(yeah!)
60%
(Yeah,
60%
yeah,
60%
yeah!)
60%
but
40%
Call
40%
Clean
40%
damage
40%
follow
40%
games."
40%
good
40%
laugh
40%
life
40%
notes
40%
nurturing
40%
remember
40%
slate
40%
'til
40%
We're
40%
along
20%
approve
20%
drag
20%
off,
20%
palace
20%
supposed
20%
coup,
0%
inevitably
0%
sycophants
0%
No matching quizzes found
Score Distribution
Percent of People with Each Score
Percentile by Number Answered
Your Score History
You have not taken this quiz